<?xml version="1.0" encoding="UTF-8"?>
<record
    xmlns:xsi="http://www.w3.org/2001/XMLSchema-instance"
    xsi:schemaLocation="http://www.loc.gov/MARC21/slim http://www.loc.gov/standards/marcxml/schema/MARC21slim.xsd"
    xmlns="http://www.loc.gov/MARC21/slim">

  <leader>02057nam a22003137a 4500</leader>
  <controlfield tag="001">1522</controlfield>
  <controlfield tag="003">FISKH</controlfield>
  <controlfield tag="005">20250530110349.0</controlfield>
  <controlfield tag="008">230901b        cb ||||| |||| 00| 0 khr d</controlfield>
  <datafield tag="020" ind1=" " ind2=" ">
    <subfield code="a">9789995054571</subfield>
  </datafield>
  <datafield tag="040" ind1=" " ind2=" ">
    <subfield code="a">FISKH</subfield>
    <subfield code="b">eng</subfield>
    <subfield code="c">FISKH</subfield>
    <subfield code="d">FISKH</subfield>
  </datafield>
  <datafield tag="082" ind1=" " ind2=" ">
    <subfield code="a">294.380 </subfield>
  </datafield>
  <datafield tag="100" ind1=" " ind2=" ">
    <subfield code="a">Labbe, Brigitte </subfield>
  </datafield>
  <datafield tag="245" ind1=" " ind2=" ">
    <subfield code="a">&#x1796;&#x17D2;&#x179A;&#x17C7;&#x1796;&#x17BB;&#x1791;&#x17D2;&#x1792;&#x200B; / </subfield>
    <subfield code="c">&#x1793;&#x17B7;&#x1796;&#x1793;&#x17D2;&#x1792;&#x178A;&#x17C4;&#x1799; Brigitte Labbe &#x1793;&#x17B7;&#x1784; Michel Puech - &#x179A;&#x17BC;&#x1794;&#x1797;&#x17B6;&#x1796;&#x178A;&#x17C4;&#x1799;&#x200B; Jean-Pierre Joblin </subfield>
  </datafield>
  <datafield tag="250" ind1=" " ind2=" ">
    <subfield code="a">&#x1794;&#x17C4;&#x17C7;&#x1796;&#x17BB;&#x1798;&#x17D2;&#x1796;&#x179B;&#x17BE;&#x1780;&#x1791;&#x17B8;&#x200B; &#x17E7; &#x178F;&#x17BB;&#x179B;&#x17B6; &#x17E2;&#x17E0;&#x17E2;&#x17E2;&#x200B;</subfield>
  </datafield>
  <datafield tag="260" ind1=" " ind2=" ">
    <subfield code="a">Phnom Penh : </subfield>
    <subfield code="b">Sipar, </subfield>
    <subfield code="c">2022. </subfield>
  </datafield>
  <datafield tag="300" ind1=" " ind2=" ">
    <subfield code="a">44 pages : </subfield>
    <subfield code="b">color illustrations ; </subfield>
    <subfield code="c">20 cm </subfield>
  </datafield>
  <datafield tag="490" ind1=" " ind2=" ">
    <subfield code="a">&#x1781;&#x17D2;&#x1789;&#x17BB;&#x17C6;&#x1785;&#x1784;&#x17CB;&#x178A;&#x17B9;&#x1784;&#x1787;&#x17B8;&#x179C;&#x17B7;&#x178F;&#x179A;&#x1794;&#x179F;&#x17CB; </subfield>
  </datafield>
  <datafield tag="505" ind1=" " ind2=" ">
    <subfield code="a">Z'
</subfield>
  </datafield>
  <datafield tag="520" ind1=" " ind2=" ">
    <subfield code="a">&#x1793;&#x17C5;&#x1796;&#x17D2;&#x179A;&#x17C7;&#x1787;&#x1793;&#x17D2;&#x1798; &#x17E2;&#x17E9; &#x179C;&#x179F;&#x17D2;&#x179F;&#x17B6; &#x1796;&#x17D2;&#x179A;&#x17C7;&#x179F;&#x17B7;&#x1791;&#x17D2;&#x1792;&#x178F;&#x17D2;&#x1790; &#x1782;&#x17C4;&#x178F;&#x1798; &#x1799;&#x17B6;&#x1784;&#x1785;&#x17C1;&#x1789;&#x1796;&#x17B8;&#x179A;&#x17B6;&#x1787;&#x179C;&#x17B6;&#x17C6;&#x1784; &#x1785;&#x17B6;&#x1780;&#x1785;&#x17C4;&#x179B;&#x1798;&#x17A0;&#x17C1;&#x179F;&#x17B8; &#x1793;&#x17B7;&#x1784;&#x179A;&#x17B6;&#x1787;&#x1794;&#x17BB;&#x178F;&#x17D2;&#x179A; &#x17A0;&#x17BE;&#x1799;&#x1791;&#x17C5;&#x1782;&#x1784;&#x17CB;&#x1780;&#x17D2;&#x1793;&#x17BB;&#x1784;&#x1796;&#x17D2;&#x179A;&#x17C3;&#x200B;&#x17D4; &#x17E6;&#x1786;&#x17D2;&#x1793;&#x17B6;&#x17C6;&#x1780;&#x17D2;&#x179A;&#x17C4;&#x1799;&#x1798;&#x1780; &#x1796;&#x17C1;&#x179B;&#x1782;&#x1784;&#x17CB;&#x1797;&#x17B6;&#x179C;&#x1793;&#x17B6;&#x1780;&#x17D2;&#x179A;&#x17C4;&#x1798;&#x178A;&#x17BE;&#x1798;&#x1788;&#x17BE; &#x1791;&#x17D2;&#x179A;&#x1784;&#x17CB;&#x1794;&#x17B6;&#x1793;&#x179F;&#x1798;&#x17D2;&#x179A;&#x17C1;&#x1785;&#x1780;&#x17B6;&#x179A;&#x178F;&#x17D2;&#x179A;&#x17B6;&#x179F;&#x17CB;&#x178A;&#x17B9;&#x1784;&#x17D4; &#x1796;&#x1793;&#x17D2;&#x179B;&#x17BA;&#x1798;&#x17BD;&#x1799;&#x1794;&#x17B6;&#x1793;&#x1785;&#x17C2;&#x1784;&#x1785;&#x17B6;&#x17C6;&#x1784;&#x1785;&#x17C1;&#x1789;&#x1796;&#x17C1;&#x17B8;&#x1780;&#x17B6;&#x1799;&#x1796;&#x17D2;&#x179A;&#x17C7;&#x17A2;&#x1784;&#x17D2;&#x1782; &#x17A0;&#x17BE;&#x1799;&#x178F;&#x17D2;&#x179A;&#x17C0;&#x1798;&#x1794;&#x17C6;&#x1797;&#x17D2;&#x179B;&#x17BA;&#x179F;&#x178F;&#x17D2;&#x179C;&#x179B;&#x17C4;&#x1780;&#x17D4; </subfield>
  </datafield>
  <datafield tag="520" ind1=" " ind2=" ">
    <subfield code="a">In his late 29th year, Gautama exiled himself from his palace, going away from his wife and son to live in the jungle. Six years later, he meditates under a tree to obtain enlightenment. A light shone from his body and was ready to illuminate the world.</subfield>
  </datafield>
  <datafield tag="521" ind1="8" ind2=" ">
    <subfield code="a">1000
</subfield>
    <subfield code="b">Lexile estimate
</subfield>
  </datafield>
  <datafield tag="521" ind1="8" ind2=" ">
    <subfield code="a">Z'
</subfield>
    <subfield code="b">Raz-Plus
</subfield>
  </datafield>
  <datafield tag="650" ind1=" " ind2=" ">
    <subfield code="a">&#x1799;&#x17B6;&#x1784;&#x1785;&#x17C1;&#x1789; </subfield>
    <subfield code="v">&#x1796;&#x17D2;&#x179A;&#x17C3;&#x200B;&#x200B;&#x200B;&#x200B;&#x200B; </subfield>
    <subfield code="x">&#x1797;&#x17B6;&#x179C;&#x1793;&#x17B6; </subfield>
    <subfield code="y">&#x178F;&#x17D2;&#x179A;&#x17B6;&#x179F;&#x17CB;&#x178A;&#x17B9;&#x200B;&#x1784; </subfield>
  </datafield>
  <datafield tag="650" ind1=" " ind2=" ">
    <subfield code="a">Exile </subfield>
    <subfield code="v">Jungle </subfield>
    <subfield code="x">Mediate </subfield>
    <subfield code="y">Enlightenment </subfield>
  </datafield>
  <datafield tag="700" ind1=" " ind2=" ">
    <subfield code="a">Puech, Michel  </subfield>
    <subfield code="e">Author</subfield>
  </datafield>
  <datafield tag="700" ind1=" " ind2=" ">
    <subfield code="a">Joblin Jean-Pierre </subfield>
    <subfield code="e">illustrator </subfield>
  </datafield>
  <datafield tag="942" ind1=" " ind2=" ">
    <subfield code="2">ddc</subfield>
    <subfield code="c">KHB</subfield>
    <subfield code="n">0</subfield>
  </datafield>
  <datafield tag="999" ind1=" " ind2=" ">
    <subfield code="c">1522</subfield>
    <subfield code="d">1522</subfield>
  </datafield>
  <datafield tag="952" ind1=" " ind2=" ">
    <subfield code="0">0</subfield>
    <subfield code="1">0</subfield>
    <subfield code="2">ddc</subfield>
    <subfield code="4">0</subfield>
    <subfield code="7">0</subfield>
    <subfield code="8">KHMERNF</subfield>
    <subfield code="a">001</subfield>
    <subfield code="b">001</subfield>
    <subfield code="c">OKHR</subfield>
    <subfield code="d">2023-09-01</subfield>
    <subfield code="l">1</subfield>
    <subfield code="o">LAB 294.380</subfield>
    <subfield code="p">2023-0450</subfield>
    <subfield code="r">2023-09-22 07:56:26</subfield>
    <subfield code="s">2023-09-07</subfield>
    <subfield code="t">1</subfield>
    <subfield code="w">2023-09-01</subfield>
    <subfield code="y">KHB</subfield>
  </datafield>
  <datafield tag="952" ind1=" " ind2=" ">
    <subfield code="0">0</subfield>
    <subfield code="1">0</subfield>
    <subfield code="2">ddc</subfield>
    <subfield code="4">0</subfield>
    <subfield code="7">0</subfield>
    <subfield code="8">KHMERNF</subfield>
    <subfield code="a">001</subfield>
    <subfield code="b">001</subfield>
    <subfield code="c">OKHR</subfield>
    <subfield code="d">2023-09-01</subfield>
    <subfield code="l">0</subfield>
    <subfield code="o">LAB 294.380</subfield>
    <subfield code="p">2023-0451</subfield>
    <subfield code="r">2023-09-01 14:15:25</subfield>
    <subfield code="t">2</subfield>
    <subfield code="w">2023-09-01</subfield>
    <subfield code="y">KHB</subfield>
  </datafield>
  <datafield tag="952" ind1=" " ind2=" ">
    <subfield code="0">0</subfield>
    <subfield code="1">0</subfield>
    <subfield code="2">ddc</subfield>
    <subfield code="4">0</subfield>
    <subfield code="7">0</subfield>
    <subfield code="8">KHMERNF</subfield>
    <subfield code="a">001</subfield>
    <subfield code="b">001</subfield>
    <subfield code="c">OKHR</subfield>
    <subfield code="d">2023-09-01</subfield>
    <subfield code="l">0</subfield>
    <subfield code="o">LAB 294.380</subfield>
    <subfield code="p">FISTK03740</subfield>
    <subfield code="r">2024-01-05 09:19:55</subfield>
    <subfield code="t">3</subfield>
    <subfield code="w">2023-09-01</subfield>
    <subfield code="y">KHB</subfield>
  </datafield>
  <datafield tag="952" ind1=" " ind2=" ">
    <subfield code="0">0</subfield>
    <subfield code="1">0</subfield>
    <subfield code="2">ddc</subfield>
    <subfield code="4">0</subfield>
    <subfield code="7">0</subfield>
    <subfield code="8">KHMERNF</subfield>
    <subfield code="a">001</subfield>
    <subfield code="b">001</subfield>
    <subfield code="c">OKHR</subfield>
    <subfield code="d">2024-06-27</subfield>
    <subfield code="l">0</subfield>
    <subfield code="o">LAB 294.380</subfield>
    <subfield code="p">FISTK03741</subfield>
    <subfield code="r">2024-06-27 11:04:31</subfield>
    <subfield code="t">4</subfield>
    <subfield code="w">2024-06-27</subfield>
    <subfield code="y">KHB</subfield>
  </datafield>
  <datafield tag="952" ind1=" " ind2=" ">
    <subfield code="0">0</subfield>
    <subfield code="1">0</subfield>
    <subfield code="2">ddc</subfield>
    <subfield code="4">0</subfield>
    <subfield code="7">0</subfield>
    <subfield code="8">KHMERNF</subfield>
    <subfield code="a">001</subfield>
    <subfield code="b">002</subfield>
    <subfield code="c">SKB</subfield>
    <subfield code="d">2024-06-27</subfield>
    <subfield code="l">2</subfield>
    <subfield code="o">LAB 294.380</subfield>
    <subfield code="p">FIS00376</subfield>
    <subfield code="r">2026-02-27 15:47:27</subfield>
    <subfield code="s">2026-02-02</subfield>
    <subfield code="t">5</subfield>
    <subfield code="w">2024-06-27</subfield>
    <subfield code="y">KHB</subfield>
  </datafield>
  <datafield tag="952" ind1=" " ind2=" ">
    <subfield code="0">0</subfield>
    <subfield code="1">0</subfield>
    <subfield code="2">ddc</subfield>
    <subfield code="4">0</subfield>
    <subfield code="7">0</subfield>
    <subfield code="8">KHMERNF</subfield>
    <subfield code="a">002</subfield>
    <subfield code="b">002</subfield>
    <subfield code="c">SKB</subfield>
    <subfield code="d">2025-04-01</subfield>
    <subfield code="l">0</subfield>
    <subfield code="o">LAB 294.380</subfield>
    <subfield code="p">FISSE02319</subfield>
    <subfield code="r">2025-04-01 10:25:17</subfield>
    <subfield code="t">6</subfield>
    <subfield code="w">2025-04-01</subfield>
    <subfield code="y">KHB</subfield>
  </datafield>
  <datafield tag="952" ind1=" " ind2=" ">
    <subfield code="0">0</subfield>
    <subfield code="1">0</subfield>
    <subfield code="2">ddc</subfield>
    <subfield code="4">0</subfield>
    <subfield code="7">0</subfield>
    <subfield code="8">KHMERNF</subfield>
    <subfield code="a">002</subfield>
    <subfield code="b">002</subfield>
    <subfield code="c">TTP Khmer</subfield>
    <subfield code="d">2025-04-01</subfield>
    <subfield code="l">0</subfield>
    <subfield code="o">LAB 294.380</subfield>
    <subfield code="p">FIS03874</subfield>
    <subfield code="r">2025-04-01 10:25:38</subfield>
    <subfield code="t">7</subfield>
    <subfield code="w">2025-04-01</subfield>
    <subfield code="y">KHB</subfield>
  </datafield>
</record>
